书目信息 |
| 题名: |
白酒工业手册
|
|
| 作者: | 康明官 | |
| 分册: | ||
| 出版信息: | 北京 中国轻工业出版社 1996 |
|
| 页数: | 569 | |
| 开本: | 19cm | |
| 丛书名: | ||
| 单 册: | ||
| 中图分类: | TS262.3 | |
| 科图分类: | ||
| 主题词: | 酿造--食品工业 | |
| 电子资源: | ||
| ISBN: | 7-5019-0941-5 | |
| 000 | 00510nam0 2200181 450 | |
| 001 | 0741144344 | |
| 005 | 20070817112544.34 | |
| 010 | @a7-5019-0941-5@d¥30.00 | |
| 100 | @a20070817d km y0chiy0120 ea | |
| 101 | 0 | @achi |
| 200 | 1 | @a白酒工业手册@Abai jiu gong ye shou ce@f康明官@Fkang ming guan |
| 210 | @a北京@c中国轻工业出版社@d1996 | |
| 215 | @a569@d19cm | |
| 606 | 0 | @a酿造@x食品工业 |
| 690 | @aTS262.3@v3 | |
| 701 | 0 | @a康明官@Akang ming guan |
| 801 | 0 | @aCN@bPFT@c20070817 |
| 905 | @a213230@dTS262.3@en1@f1 | |
| 白酒工业手册/康明官.-北京:中国轻工业出版社,1996 |
| 569;19cm |
| ISBN 7-5019-0941-5:¥30.00 |
| ● |
| 相关链接 |
|
|
|
|
正题名:白酒工业手册
索取号:TS262.3/n1
 
预约/预借
| 序号 | 登录号 | 条形码 | 馆藏地/架位号 | 状态 | 备注 |
| 1 | 6601468 | 266014680 | 生命科学系资料室/ [索取号:TS262.3/n1] | 在馆 |